|
|
|
|
| LEADER |
01184nam a2200349 a 4500 |
| 001 |
000035826 |
| 003 |
CZ BrMZK |
| 005 |
20190228100811.0 |
| 007 |
ta |
| 008 |
950313s1995 xr f cze d |
| 015 |
|
|
|a cnb000111805
|
| 020 |
|
|
|a 80-7023-230-7
|
| 040 |
|
|
|a BOA001
|b cze
|
| 080 |
|
|
|a 78.071.1(437.1)"19":92 Novák, Zdeněk
|2 MRF
|
| 080 |
|
|
|a 929 Novák, Zdeněk
|2 MRF
|
| 080 |
|
|
|a 785.1(437.1)
|2 MRF
|
| 100 |
1 |
|
|a Novák, Zdeněk,
|d 1938-2019
|7 ola2003165588
|4 aut
|
| 245 |
1 |
0 |
|a Swing-time, aneb, Od Mozarta k Armstrongovi /
|c Zdeněk Novák
|
| 250 |
|
|
|a 1. vyd.
|
| 260 |
|
|
|a Praha :
|b Melantrich,
|c 1995
|
| 300 |
|
|
|a 187 s. :
|b il. ;
|c 19 cm
|
| 490 |
1 |
|
|a Aréna
|
| 500 |
|
|
|a Diskogr. s. 177
|
| 653 |
0 |
|
|a Novák, Zdeněk 1921-
|a swing
|a čeští hudebníci
|
| 830 |
|
0 |
|a Aréna
|
| 910 |
|
|
|a BOA001
|b 1-1014.260
|b PK-0124.596
|
| 920 |
|
|
|a 000060515
|
| 964 |
|
|
|a Novák
|b Zdeněk
|f 1921-
|x vzpomínky vlastní
|
| 990 |
|
|
|a BK
|
| 991 |
|
|
|b 201902
|
| 996 |
6 |
|
|b 2610028123
|c 1-1014.260
|l MZK
|r Sklad / do 1 hodiny
|n 3
|p p.v.
|w 000035826
|u 000010
|a 1
|e BOA001
|j MZK50
|s P
|
| 996 |
7 |
|
|b 3119002615
|c PK-0124.596
|l MZK
|r Sklad / do 1 hodiny
|n 6
|p kup
|w 000035826
|u 000020
|a 1
|e BOA001
|j MZK50
|s A
|